Thermal oxidation aging of rubbers: Characterization by chemiluminescence (Record no. 71228)

MARC details
000 -LEADER
fixed length control field 00471nam a2200169Ia 4500
100 ## - MAIN ENTRY--AUTHOR NAME
Personal name Santoso M
245 #0 - TITLE STATEMENT
Title Thermal oxidation aging of rubbers: Characterization by chemiluminescence
260 ## - PUBLICATION, DISTRIBUTION, ETC. (IMPRINT)
Name of publisher Kautschuk Gummi Kunststoffe
Year of publication 2007
300 ## - PHYSICAL DESCRIPTION
Number of Pages 192-198
650 ## - SUBJECT ADDED ENTRY--TOPICAL TERM
Topical Term Chemiluminescence
650 ## - SUBJECT ADDED ENTRY--TOPICAL TERM
Topical Term Polydienes
650 ## - SUBJECT ADDED ENTRY--TOPICAL TERM
Topical Term Thermal oxidative aging
700 ## - ADDED ENTRY--PERSONAL NAME
Personal name Giese U
700 ## - ADDED ENTRY--PERSONAL NAME
Personal name Schuster R H
942 ## - ADDED ENTRY ELEMENTS (KOHA)
Koha item type Journals
Holdings
Withdrawn status Lost status Damaged status Not for loan Home library Current library Shelving location Date acquired Serial Enumeration / chronology Koha item type
      Journals RRII Library RRII Library Rubber technology 05/06/2007 Volume 60, Issue 4 Journals